000 02146nam0a2200397 4500
001 RU\NLR\BIBL_A\022574237
005 20260420050118.0
010 _a978-5-94515-220-5
_9500
021 _aRU
_bКН-П-25-025758
_9КН-П-25-2565
035 _a(NLR Aleph) 022574237
090 _a13676152
_c13676152
100 _a20250626d2025 u y0rusy50 ca
101 0 _arus
102 _aRU
105 _aa|||j|||000yy
181 0 _ai3
_bxxxe
181 0 _ab1
_bxb2e
182 0 _an
200 1 _aГазовые турбины и комбинированные энергетические установки
_eучебное пособие для студентов специальности 13.03.01 – Теплоэнергетика и теплотехника
_fМ. В. Кобылкин, Ю. О. Риккер, А. Г. Батухтин
_gЗабайкальский государственный университет
203 _aТекст
_aИзображение
_bвизуальные
_cнепосредственные
205 _aИзд. 2-е, испр.
210 _aЧита
_cЗабГУ
_a[Москва]
_cиздание Российской академии естественных наук
_d2025
215 _a186 с.
_cил.
_d21
313 _aПо пред. изд. 2019 г.
320 _aБиблиогр.: с. 184–186 (21 назв.)
606 1 _aГазовые турбины
_jУчебные издания для высших учебных заведений
_9894484
_3RU\NLR\AUTH\663868
606 1 _aКомбинированные силовые установки
_jУчебные издания для высших учебных заведений
_91101614
_3RU\NLR\AUTH\66114272
686 1 _aЗ363.3я73-1
686 1 _aЗ374-5я73-1
700 1 _aКобылкин
_bМ. В.
_gМихаил Владимирович
701 1 _aРиккер
_bЮ. О.
_gЮлия Олеговна
701 1 _aБатухтин
_bА. Г.
_gАндрей Геннадьевич.
942 _cBOOK
980 _aNB